A guidebook to mechanism in organic chemistry

Bibliographic Details
Main Author: Sykes, Peter
Format: Section = Libro
Language:Undetermined
Spanish
Published: United Stated Longman Group 1981
Edition:5a. ed.
Subjects:
LEADER 00579nam a2200217Ia 4500
008 240830s9999 xx 000 0 und d
020 |a 0-582-44121-8 
040 |a CEDOC FIQ-RUSB / 547 S983 
041 |a spa 
082 |a 547 S983 
100 1 |a Sykes, Peter 
245 1 2 |a A guidebook to mechanism in organic chemistry 
250 |a 5a. ed. 
260 |a United Stated  |b Longman Group  |c 1981 
300 |a 397 p. :il. 
650 7 |a QUÍMICA ORGÁNICA 
650 7 |b  LAS FORTALEZAS DE ÁCIDOS Y BASES 
650 7 |c  ELIMINACIONES 
942 |c BK  |2 ddc 
991 |a TEXTO 
999 |c 14032